| 000 | 00605cam a22002172 4500 | ||
|---|---|---|---|
| 001 | 0000002237 | ||
| 005 | 20151217151845.0 | ||
| 008 | 070405s xx 000 0 eng d | ||
| 020 |
_a0030540178 : _cKES 600 |
||
| 040 |
_aKABU _cKABU |
||
| 050 | 0 |
_aHF5415.2 _b.C48 1992 |
|
| 100 | 1 |
_aChurchill, Gilbert A. _@0000151416 |
|
| 245 | 1 | 0 | _aBasic marketing research. |
| 250 | _a2nd ed. | ||
| 260 |
_aLondon : _bDryden Press, _c1992. |
||
| 300 | _axxi, 837 p. | ||
| 650 | 0 |
_aMarketing research. _@0000151518 |
|
| 908 | _a070405 | ||
| 950 | _@1 | ||
| 999 |
_c5725 _d5725 |
||